Normal view
MARC view
- Jaiswal.JN.et al
Entry Personal Name
001 - CONTROL NUMBER
- control field: 2231
003 - CONTROL NUMBER IDENTIFIER
- control field: OSt
005 - DATE AND TIME OF LATEST TRANSACTION
- control field: 20161228125142.0
008 - FIXED-LENGTH DATA ELEMENTS
- fixed length control field: 161228|| aca||aabn | a|a d
040 ## - CATALOGING SOURCE
- Original cataloging agency: OSt
100 ## - HEADING--PERSONAL NAME
- Personal name: Jaiswal.JN.et al